| 000 -LEADER | |
|---|---|
| fixed length control field | 00457nam a22001697a 4500 |
| 005 - DATE AND TIME OF LATEST TRANSACTION | |
| control field | 20240902113445.0 |
| 008 - FIXED-LENGTH DATA ELEMENTS--GENERAL INFORMATION | |
| fixed length control field | 240902b |||||||| |||| 00| 0 eng d |
| 020 ## - INTERNATIONAL STANDARD BOOK NUMBER | |
| ISBN | 978-93-95649-60-5 |
| 041 ## - LANGUAGE CODE | |
| Language code of text/sound track or separate title | eng |
| 082 ## - DEWEY DECIMAL CLASSIFICATION NUMBER | |
| Classification number | 540 |
| 100 ## - MAIN ENTRY--AUTHOR NAME | |
| Personal name | DHAWAN, DR.S.N. AND KHETERPAL, DR, S.C. |
| 245 ## - TITLE STATEMENT | |
| Title | PRADEEP'S NEW COURSE CHEMISTRY [CLASS-XI][VOL-2] |
| 260 ## - PUBLICATION, DISTRIBUTION, ETC. (IMPRINT) | |
| Place of publication | JALANDHAR |
| Name of publisher | PRADEEP PUBLICATION |
| 300 ## - PHYSICAL DESCRIPTION | |
| Number of Pages | A-22; P |
| 650 ## - SUBJECT ADDED ENTRY--TOPICAL TERM | |
| Topical Term | BMLT |
| 942 ## - ADDED ENTRY ELEMENTS (KOHA) | |
| Koha item type | Books |
| Lost status | Damaged status | Collection code | Home library | Current library | Shelving location | Date acquired | Source of acquisition | Cost, normal purchase price | Full call number | Accession Number | Koha item type |
|---|---|---|---|---|---|---|---|---|---|---|---|
| PARAMEDICAL | JRU Library | JRU Library | SHELF-104-A | 30/08/2024 | PURCHASE | 1525.00 | 540 | 28390 | Books | ||
| PARAMEDICAL | JRU Library | JRU Library | SHELF-104-A | 19/09/2024 | PURCHASE | 1580.00 | 540 | 28600 | Books |